[Event "Barcelona La Lira op 31st"]
[Site "Barcelona"]
[Date "2013.02.01"]
[Round "3"]
[White "Molina Soler, Joan Carlos"]
[Black "Miguel Bort, Francesco"]
[Result "1/2-1/2"]
[WhiteElo "1719"]
[BlackElo "1929"]
[PlyCount "61"]
[EventDate "2013.01.18"]
[EventType "swiss"]
[EventRounds "8"]
[EventCountry "ESP"]
[SourceTitle "EXT 2014"]
[Source "ChessBase"]
[SourceDate "2013.11.20"]
[SourceVersion "1"]
[SourceVersionDate "2013.11.20"]
[SourceQuality "1"]

1. e4 d5 2. exd5 Nf6 3. Nc3 Nxd5 4. Nf3 Bg4 5. h3 Bh5 6. d4 e6 7. Nxd5 exd5 8. Qe2+ Qe7 9. Bf4 Qxe2+ 10. Bxe2 c6 11. Kd2 Nd7 12. Rhe1 0-0-0 13. Ne5 Bg6 14. Nxd7 Kxd7 15. Bg4+ f5 16. Bf3 Bd6 17. Bg5 Rde8 18. Rxe8 Rxe8 19. Re1 h6 20. Rxe8 Bxe8 21. Bh4 g5 22. Bg3 f4 23. Bh2 Ke6 24. Bg4+ Kf6 25. g3 b6 26. Ke2 c5 27. gxf4 gxf4 28. Kf3 cxd4 29. Bxf4 Bxf4 30. Kxf4 Bg6 31. Bd1 1/2-1/2

[Event "Barcelona La Lira op 31st"]
[Site "Barcelona"]
[Date "2013.01.18"]
[Round "1"]
[White "Molina Soler, Joan Carlos"]
[Black "Fernandez Pena, Pere Emilio"]
[Result "0-1"]
[WhiteElo "1719"]
[BlackElo "2210"]
[PlyCount "38"]
[EventDate "2013.01.18"]
[EventType "swiss"]
[EventRounds "8"]
[EventCountry "ESP"]
[SourceTitle "EXT 2014"]
[Source "ChessBase"]
[SourceDate "2013.11.20"]
[SourceVersion "1"]
[SourceVersionDate "2013.11.20"]
[SourceQuality "1"]

1. e4 c5 2. Nc3 Nc6 3. f4 g6 4. Nf3 Bg7 5. Bc4 d6 6. 0-0 e6 7. d3 Nge7 8. Be3 d5 9. exd5 exd5 10. Bxc5 dxc4 11. Re1 0-0 12. d4 Be6 13. Ne5 Re8 14. Nb5 Nc8 15. Nc3 N6e7 16. Qe2 Nd5 17. Nxd5 Bxd5 18. Rad1 Nd6 19. Qf1 b5 0-1

[Event "Barcelona La Lira op 30th"]
[Site "Barcelona"]
[Date "2012.03.02"]
[Round "7"]
[White "Molina Soler, Joan Carlos"]
[Black "Robla Carreiras, Xavier"]
[Result "1/2-1/2"]
[WhiteElo "1969"]
[BlackElo "1698"]
[PlyCount "44"]
[EventDate "2012.01.20"]
[EventType "swiss"]
[EventRounds "8"]
[EventCountry "ESP"]
[SourceTitle "EXT 2013"]
[Source "ChessBase"]
[SourceDate "2012.11.22"]
[SourceVersion "1"]
[SourceVersionDate "2012.11.22"]
[SourceQuality "1"]

1. e4 c5 2. c3 d5 3. exd5 Qxd5 4. Bb5+ Bd7 5. Bxd7+ Nxd7 6. Qf3 Ngf6 7. Qxd5 Nxd5 8. Nf3 Nf4 9. d4 Nd3+ 10. Ke2 Nxc1+ 11. Rxc1 e6 12. Na3 a6 13. Nc4 f6 14. a4 Be7 15. Kd3 Kf7 16. a5 Rhd8 17. Kc2 Rac8 18. Kb3 cxd4 19. cxd4 Rc6 20. Ne3 Rdc8 21. Rxc6 Rxc6 22. Nc4 Bd8 1/2-1/2

[Event "Barcelona La Lira op 30th"]
[Site "Barcelona"]
[Date "2012.02.24"]
[Round "6"]
[White "Corominas Garrido, Jordi"]
[Black "Molina Soler, Joan Carlos"]
[Result "1-0"]
[WhiteElo "1904"]
[BlackElo "1969"]
[PlyCount "99"]
[EventDate "2012.01.20"]
[EventType "swiss"]
[EventRounds "8"]
[EventCountry "ESP"]
[SourceTitle "EXT 2013"]
[Source "ChessBase"]
[SourceDate "2012.11.22"]
[SourceVersion "1"]
[SourceVersionDate "2012.11.22"]
[SourceQuality "1"]

1. c4 e5 2. Nc3 Nf6 3. Nf3 Nc6 4. g3 Bc5 5. Bg2 d6 6. 0-0 0-0 7. a3 Be6 8. d3 e4 9. Ng5 e3 10. fxe3 Ng4 11. Nxe6 fxe6 12. d4 Rxf1+ 13. Qxf1 Nxd4 14. exd4 Bxd4+ 15. e3 Nxe3 16. Bxe3 Bxe3+ 17. Kh1 Qg5 18. Qe2 Qe5 19. Rf1 Rf8 20. Rxf8+ Kxf8 21. Bxb7 Qd4 22. Nb5 Qc5 23. Qf3+ Ke7 24. Qc6 Qf5 25. Qf3 Qb1+ 26. Kg2 Qxb2+ 27. Kh3 Bb6 28. Qc3 Qxc3 29. Nxc3 Kd7 30. Be4 g6 31. Kg4 Bd4 32. Nb5 Bb2 33. Nxa7 Bxa3 34. Bc6+ Ke7 35. Nb5 Bc1 36. Nxc7 d5 37. cxd5 exd5 38. Nxd5+ Kd6 39. Bb7 Ke5 40. Nf4 Bxf4 41. gxf4+ Kf6 42. Be4 h6 43. h4 g5 44. hxg5+ hxg5 45. fxg5+ Kg7 46. Kh5 Kg8 47. Kg6 Kh8 48. Bd3 Kg8 49. Be2 Kf8 50. Kh7 1-0

[Event "Barcelona La Lira op 30th"]
[Site "Barcelona"]
[Date "2012.01.20"]
[Round "1"]
[White "Volart Buil, Jordi"]
[Black "Molina Soler, Joan Carlos"]
[Result "1-0"]
[WhiteElo "1802"]
[BlackElo "1969"]
[PlyCount "43"]
[EventDate "2012.01.20"]
[EventType "swiss"]
[EventRounds "8"]
[EventCountry "ESP"]
[SourceTitle "EXT 2013"]
[Source "ChessBase"]
[SourceDate "2012.11.22"]
[SourceVersion "1"]
[SourceVersionDate "2012.11.22"]
[SourceQuality "1"]

1. d4 Nf6 2. c4 e6 3. a3 d5 4. Nc3 c5 5. Bf4 cxd4 6. Qxd4 Nc6 7. Qd3 d4 8. Ne4 e5 9. Bd2 Bf5 10. Nd6+ Bxd6 11. Qxf5 g6 12. Qc2 a5 13. e4 Bc5 14. Bd3 Qd7 15. h3 0-0-0 16. Nf3 Ne8 17. Bxa5 b6 18. Bd2 Ng7 19. b4 Bd6 20. c5 Bc7 21. cxb6 Bxb6 22. Nxe5 1-0